1919 1820 1285 1617 1876 2000 1528 1610 1382 1941 1939 1463 1029 1536 2000 1486 1729 1735 1724 1319 1957 1536 1484 1607 1970 1433 1776 1829 1982 1090 1837 1899 1883 1580 1986 1206 1217 1427 1888 1566 1581 1766 1894 1161 1960 1857 1830 1362 1389 1318 1842 1316 1266 1759 1777 1011 1323 1714 1372 1093 1128 1128 1705 1670 1433 1468 1513 1332 1527 1933 1416 1661 1722 1958 1250 1425 1000 1337 1043 1800 1997 1750 1051 1288 1173 1881 1165 1329 1916 1980 1337 1546 1958 1043 1892 1477 1110 1396 1309 BCNSPRNW ULIB Ver.6.0+V

เปลี่ยนเป็นภาษาไทย

Change to English
 แสดงรายละเอียดบรรณานุกรม
  กลับหน้าหลัก

Brief Record : Get Marc (ISO 2709) : E-mail record : QR code < ปิดหน้าต่าง
LEADER : 00000nam a2200000Ia 4500
001    13399126039
003     ULIB
008    170412s2555 th a b 000 0 tha d
020    ^a9786167742007
040    ^absi
060 04 ^aWB537^bป297ก 2555
100 0  ^aประพจน์ เภตรากาศ
245 10 ^aการตรวจวินิจฉัยโรคด้วยเส้นสิบ /^cประพจน์ เภตรากาศ, พินิต ชินสร้อย
250    ^aพิมพ์ครั้งที่ 1
260    ^aกรุงเทพฯ :^bมูลนิธิเพื่อเด็กพิการ,^c2555
300    ^a(8), 80 หน้า :^bภาพประกอบ ;^c26 ซม.
500    ^aการตรวจวินิจฉัยโรคด้วยเส้นสิบเป็นตำราพื้นฐานในการเรียนหลักสูตรการประกอบโรคศิลปะสาขาการแพทย์แผนไทย ประเภทการนวดไทย (หมอนวดไทย)ตามพระราชบัญญัติการประกอบโรคศิลปะ พ.ศ. 2542
650  4 ^aการแพทย์แผนไทย
650  4 ^aการนวด
650  4 ^aการบำบัดด้วยการนวด
700 0  ^aพินิต ชินสร้อย
710 2  ^aมูลนิธิเพื่อเด็กพิการ
910    ^aSend to UC
945    ^p100^l0^i25817
945    ^p100^l0^i25818
945    ^p100^l0^i25819
945    ^p100^l0^i25820
945    ^p100^l0^i25821
945    ^p100^l0^i25822
945    ^p100^l0^i25823
945    ^p100^l0^i25824
945    ^p100^l0^i25825
945    ^p100^l0^i25826
945    ^p100^l0^i25827
945    ^p100^l0^i25828
945    ^p100^l0^i25829
945    ^p100^l0^i25830
945    ^p100^l0^i25831
995    ^aกัณชพร
999    ^aกัณชพร
รายการนี้ยังไม่มีแท็ก
คุณยังไม่ได้ล็อกอิน คุณสามารถมีกิจกรรมร่วมกับเว็บไซต์ได้ แต่ต้องล็อกอินก่อน ::
  ล็อกอิน

รายการสื่อสารสนเทศ

ลำดับที่ ประเภท เลขเรียก/บาร์โค้ด สถานที่ สถานะ
1. หนังสือสำรอง
หนังสือสำรอง
สถานะ=หนังสือเก่า
WB537 ป297ก 2555 ฉ.1 
  Barcode: 25817
ห้องสมุดวิทยาเขตนครสวรรค์
►ส่วนจัดเก็บหนังสือเก่า นว.
บนชั้น
  ขอยืม
2. วิทยาศาสตร์การแพทย์ และสุขภาพ
วิทยาศาสตร์การแพทย์ และสุขภาพ
สถานะ=หนังสือเก่า
WB537 ป297ก 2555 ฉ.10 
  Barcode: 25826
ห้องสมุดวิทยาเขตนครสวรรค์
►ส่วนจัดเก็บหนังสือเก่า นว.
บนชั้น
  ขอยืม
3. วิทยาศาสตร์การแพทย์ และสุขภาพ
วิทยาศาสตร์การแพทย์ และสุขภาพ
สถานะ=หนังสือเก่า
WB537 ป297ก 2555 ฉ.11 
  Barcode: 25827
ห้องสมุดวิทยาเขตนครสวรรค์
►ส่วนจัดเก็บหนังสือเก่า นว.
บนชั้น
  ขอยืม
4. วิทยาศาสตร์การแพทย์ และสุขภาพ
วิทยาศาสตร์การแพทย์ และสุขภาพ
สถานะ=หนังสือเก่า
WB537 ป297ก 2555 ฉ.12 
  Barcode: 25828
ห้องสมุดวิทยาเขตนครสวรรค์
►ส่วนจัดเก็บหนังสือเก่า นว.
บนชั้น
  ขอยืม
5. วิทยาศาสตร์การแพทย์ และสุขภาพ
วิทยาศาสตร์การแพทย์ และสุขภาพ
สถานะ=หนังสือเก่า
WB537 ป297ก 2555 ฉ.13 
  Barcode: 25829
ห้องสมุดวิทยาเขตนครสวรรค์
►ส่วนจัดเก็บหนังสือเก่า นว.
บนชั้น
  ขอยืม
6. วิทยาศาสตร์การแพทย์ และสุขภาพ
วิทยาศาสตร์การแพทย์ และสุขภาพ
สถานะ=หนังสือเก่า
WB537 ป297ก 2555 ฉ.14 
  Barcode: 25830
ห้องสมุดวิทยาเขตนครสวรรค์
►ส่วนจัดเก็บหนังสือเก่า นว.
บนชั้น
  ขอยืม
7. วิทยาศาสตร์การแพทย์ และสุขภาพ
วิทยาศาสตร์การแพทย์ และสุขภาพ
สถานะ=หนังสือเก่า
WB537 ป297ก 2555 ฉ.15 
  Barcode: 25831
ห้องสมุดวิทยาเขตนครสวรรค์
►ส่วนจัดเก็บหนังสือเก่า นว.
บนชั้น
  ขอยืม
8. วิทยาศาสตร์การแพทย์ และสุขภาพ
วิทยาศาสตร์การแพทย์ และสุขภาพ
สถานะ=หนังสือเก่า
WB537 ป297ก 2555 ฉ.2 
  Barcode: 25818
ห้องสมุดวิทยาเขตนครสวรรค์
►ส่วนจัดเก็บหนังสือเก่า นว.
บนชั้น
  ขอยืม
9. วิทยาศาสตร์การแพทย์ และสุขภาพ
วิทยาศาสตร์การแพทย์ และสุขภาพ
สถานะ=หนังสือเก่า
WB537 ป297ก 2555 ฉ.3 
  Barcode: 25819
ห้องสมุดวิทยาเขตนครสวรรค์
►ส่วนจัดเก็บหนังสือเก่า นว.
บนชั้น
  ขอยืม
10. วิทยาศาสตร์การแพทย์ และสุขภาพ
วิทยาศาสตร์การแพทย์ และสุขภาพ
สถานะ=หนังสือเก่า
WB537 ป297ก 2555 ฉ.4 
  Barcode: 25820
ห้องสมุดวิทยาเขตนครสวรรค์
►ส่วนจัดเก็บหนังสือเก่า นว.
บนชั้น
  ขอยืม
11. วิทยาศาสตร์การแพทย์ และสุขภาพ
วิทยาศาสตร์การแพทย์ และสุขภาพ
สถานะ=หนังสือเก่า
WB537 ป297ก 2555 ฉ.5 
  Barcode: 25821
ห้องสมุดวิทยาเขตนครสวรรค์
►ส่วนจัดเก็บหนังสือเก่า นว.
บนชั้น
  ขอยืม
12. วิทยาศาสตร์การแพทย์ และสุขภาพ
วิทยาศาสตร์การแพทย์ และสุขภาพ
สถานะ=หนังสือเก่า
WB537 ป297ก 2555 ฉ.6 
  Barcode: 25822
ห้องสมุดวิทยาเขตนครสวรรค์
►ส่วนจัดเก็บหนังสือเก่า นว.
บนชั้น
  ขอยืม
13. วิทยาศาสตร์การแพทย์ และสุขภาพ
วิทยาศาสตร์การแพทย์ และสุขภาพ
สถานะ=หนังสือเก่า
WB537 ป297ก 2555 ฉ.7 
  Barcode: 25823
ห้องสมุดวิทยาเขตนครสวรรค์
►ส่วนจัดเก็บหนังสือเก่า นว.
บนชั้น
  ขอยืม
14. วิทยาศาสตร์การแพทย์ และสุขภาพ
วิทยาศาสตร์การแพทย์ และสุขภาพ
สถานะ=หนังสือเก่า
WB537 ป297ก 2555 ฉ.8 
  Barcode: 25824
ห้องสมุดวิทยาเขตนครสวรรค์
►ส่วนจัดเก็บหนังสือเก่า นว.
บนชั้น
  ขอยืม
15. วิทยาศาสตร์การแพทย์ และสุขภาพ
วิทยาศาสตร์การแพทย์ และสุขภาพ
สถานะ=หนังสือเก่า
WB537 ป297ก 2555 ฉ.9 
  Barcode: 25825
ห้องสมุดวิทยาเขตนครสวรรค์
►ส่วนจัดเก็บหนังสือเก่า นว.
บนชั้น
  ขอยืม

รายการใกล้เคียง
    ผู้แต่ง [ประพจน์ เภตรากาศ]

    หัวเรื่อง [การแพทย์แผนไทย]
    หัวเรื่อง [การนวด]
    หัวเรื่อง [การบำบัดด้วยการนวด]

BibComment


ยังไม่เคยถูกคอมเมนท์

คอมเมนท์ทรัพยากรรายการนี้
  คอมเมนท์: การตรวจวินิจฉัยโ..


 Copyright 2026. Bcnsprnw @Library